000 00488nam a2200181Ia 4500
005 20250508153124.0
008 008 250505s9999 xx 000 0 hin d
037 _aTextual
040 _aFEDL
_beng
_cFEDL
041 _ahin
_2hin
084 _aFH, SAR
_qFEDL
100 _aSaral Manmohan
_9763203
245 0 _aBhartiya Gaurav ki kahaniyan
260 _aDelhi, India
_bAtma Ram and Sons
_c1963
300 _a95p.
942 _cTEXL
_hFH, SAR
999 _c1340804
_d1340804